MARC

LEADER 00000nam0a2200000 4500
001 33737
005 20231030215949.0
035 |a (RuTPU)RU\TPU\book\34105 
035 |a BOOK00000756 
090 |a 33737 
100 |a 20011210d1967 m y0rusy50 ca 
101 0 |a rus 
102 |a RU 
105 |a a j 000zy 
200 1 |a Расчет и конструирование электрической изоляции  |e учебное пособие  |f В. С. Дмитревский (Дмитриевский), Н. М. Торбин 
210 |a Томск  |c Изд-во ТГУ  |d 1967 
215 |a 194 с.  |c ил. 
610 1 |a высокие напряжения 
610 1 |a учебные пособия 
610 1 |a электрическая изоляция 
610 1 |a конструкции 
610 1 |a расчеты 
610 1 |a техника 
610 1 |a труды учёных ТПУ 
675 |a 621.315.6(075.8)  |v 3 
700 1 |a Дмитревский (Дмитриевский)  |b В. С.  |c специалист в области электротехники  |c доцент Томского политехнического института, кандидат технических наук  |f 1927-  |g Виктор Сергеевич  |2 stltpush  |3 (RuTPU)RU\TPU\pers\12388 
701 1 |a Торбин  |b Н. М.  |g Николай Михайлович 
801 0 |a RU  |b 63413507  |c 20011210  |g PSBO 
801 2 |a RU  |b 63413507  |c 20220721  |g PSBO 
900 |a Техника высоких напряжений 
942 |c BK